000 00554nam a2200181 i 4500
001 21849
003 ES-MaACL
005 20230906152546.0
007 t|
008 021128s1963 sp ||||1| spa d
100 1 _aAlejandro, José María de.
_919699
245 1 3 _aLa guerra como categoría europea /
_cJosé María Alejandro.
260 _aZaragoza :
_bUniversidad de Zaragoza,
_c1963.
300 _aP. 237-282 ;
_c20 cm.
500 _aEs Separata de: Defensa Nacional, vol. IV.
650 0 4 _aGuerra.
_913173
852 _aES-MaACL
_jC-25790
_bR.53516
999 _c21849
_d21849